| 000 | 00382nam a2200157Ia 4500 | ||
|---|---|---|---|
| 005 | 20250423101222.0 | ||
| 008 | 250422s9999 xx 000 0 und d | ||
| 020 | _a0- 89123- 008- 4 | ||
| 100 | _a Jones, Dave | ||
| 245 | 4 | _aThe dave jones book of western horsemanship | |
| 260 | _aHouston | ||
| 260 | _bCordovan corporation | ||
| 260 | _c1976 | ||
| 300 | _a216 p | ||
| 942 | _cBK | ||
| 999 |
_c35649 _d35649 |
||